000 00609nam a22001817a 4500
005 20251108164226.0
008 250721s1987 xx 000 0 ara d
082 1 4 _a618.2/عبد
100 1 _aمصطفى، عبد المنعم
245 1 0 _aأمراض النساء و موانع الحمل و الولادة و العناية بالأطفال /
264 1 _aبيروت :
_bالمؤسسة العربية للدراسات،
_c1987.
300 _a200ص
490 0 _aالموسوعة الطبية الحديثة ؛4
650 1 7 _aالمرأة
650 1 7 _aالحمل
942 _2ddc
_cBK
999 _c6848
_d6848